Sprechen und műndliche kommunikation im Fremdsprachenunterricht - Ansätze, Forschungsfelder und Perspektiven

Analýza rôznych prístupov a oblastí výskumu ústnej komunikácie v nemčine. Možnosti ako zabrániť chybám v toku reči.

Enregistré dans:
Détails bibliographiques
Auteur principal: Adamcová, Lívia
Format: Chapitre de livre
Langue:allemand
Sujets:
Tags: Ajouter un tag
Pas de tags, Soyez le premier à ajouter un tag!

MARC

LEADER 00000naa a2200000 4500
001 0240342
005 20240502073913.9
041 0 |a ger 
044 |a SK 
245 1 0 |a Sprechen und műndliche kommunikation im Fremdsprachenunterricht - Ansätze, Forschungsfelder und Perspektiven  |c Lívia Adamcová 
520 |a Analýza rôznych prístupov a oblastí výskumu ústnej komunikácie v nemčine. Možnosti ako zabrániť chybám v toku reči. 
610 2 0 |a jazyky cudzie 
610 2 0 |a nemčina 
610 2 0 |a kompetencie 
610 2 0 |a komunikácia 
100 1 |a Adamcová, Lívia